01297nam a2200337 a 4500001001200000003000800012006001900020007001500039008004100054010001700095020004400112040002100156035002100177043001200198050002100210082001200231100003300243245010600276250002500382260005800407300001700465504005100482533015200533650001100685651003500696651003900731655002900770710001700799856012600816999001700942ebr10279405CaPaEBRm u cr cn|||||||||071115s2007 enk sb 001 0 eng  z 2007281988 z9780195325164 (cloth : acid-free paper) aCaPaEBRcCaPaEBR a(OCoLC)252697180 an-usu--14aF209b.W9 2007eb04a9752221 aWyatt-Brown, Bertram,d1932-10aSouthern honorh[electronic resource] :bethics and behavior in the old South /cBertram Wyatt-Brown. a25th anniversary ed. aOxford ;aNew York :bOxford University Press,c2007. axlii, 597 p. aIncludes bibliographical references and index. aElectronic reproduction.bPalo Alto, Calif. :cebrary,d2013.nAvailable via World Wide Web.nAccess may be limited to ebrary affiliated libraries. 0aHonor. 0aSouthern StatesxCivilization. 0aSouthern StatesxMoral conditions. 7aElectronic books.2local2 aebrary, Inc.40uhttp://site.ebrary.com/lib/rucke/Doc?id=10279405zAn electronic book accessible through the World Wide Web; click to view c18859d18859